El Desarrollo de las clases sociales y la industria en Costa Rica, 1880 - 1930

Spremljeno u:
Bibliografski detalji
Glavni autor: Ramírez Boza, Mario A.
Format: Disertacija
Izdano: San José: s.e.
Oznake: Dodaj oznaku
Bez oznaka, Budi prvi tko označuje ovaj zapis!

MARC

LEADER 00000 a a2200000 04500
001 24795
003
040
090 |a 174700  
100 |a Ramírez Boza, Mario A.  
245 |a El Desarrollo de las clases sociales y la industria en Costa Rica, 1880 - 1930  
260 |a San José:   |b s.e.  
300 |a 131 p   |b **no definido**  
502 |a Tesis (Magister Scientiae) -- Universidad de Costa Rica. Sistema de Estudios de Posgrado. Maestría Centroamericana en Sociología, 1983  
999 |c 12248  |d 12248